Name That Musical Quiz Stats

 Plays Quiz Updated Jul 6, 2018

Score 0/26 Timer 07:00
3 Plays Today
Songs Musical % Correct
'Hakuna Matata', 'Can You Feel the Love Tonight'The Lion King
90.8%
'All That Jazz', 'Cell Block Tango'Chicago
90%
'Summer Nights', 'Look at Me, I'm Sandra Dee'Grease
89.7%
'It's the Hard-Knock Life', 'Tomorrow'Annie
88.8%
'Matchmaker, Matchmaker', 'If I Were A Rich Man'Fiddler on the Roof
75.7%
'The Music Of The Night', 'All I Ask Of You'Phantom of the Opera
71.9%
'Don't Cry For Me Argentina', 'High Flying Adored'Evita
69.2%
'Something's Coming', 'I Feel Pretty'West Side Story
63.8%
'The Rain In Spain', 'Could Have Danced All Night'My Fair Lady
61.4%
'Light My Candle', 'La Vie Boheme'Rent
59.1%
'Aquarius', 'Let The Sunshine In'Hair
58.3%
'Food, Glorious Food', 'As Long As He Needs Me'Oliver
56%
'The Surrey With the Fringe On Top', 'Kansas City'Oklahoma
55.7%
Songs Musical % Correct
'Seventy Six Trombones', 'Wells Fargo Wagon'The Music Man
55.3%
'Havana', 'Luck Be a Lady'Guys and Dolls
48%
'If You Believe', 'Ease On Down The Road'The Wiz
47%
'Pilate's Dream', Hosanna'Jesus Christ Superstar
42.6%
'I Whistle a Happy Tune', 'Shall We Dance?'The King and I
41.3%
'I Hope I Get It', 'What I Did For Love'A Chorus Line
37.4%
'Everything's Coming Up Roses', 'Rose's Turn'Gypsy
33.5%
'Dulcinea', 'The Impossible Dream'Man of La Mancha
29.3%
'Put On a Happy Face', 'Kids'Bye Bye Birdie
26.2%
'Big Spender', 'If My Friends Could See Me Now'Sweet Charity
24.7%
'Another Op'nin', Another Show', 'So In Love'Kiss Me, Kate
15.3%
'C'est Moi', 'How To Handle a Woman'Camelot
13%
'Paris By Night', 'If I Were a Man'Victor/Victoria
11.5%

You're not logged in!

Compare scores with friends on all Sporcle quizzes.
OR
Log In

Sporcle TV

Today on Sporcle TV


Watch our educational content, quiz creation guides, and fun videos on Sporcle TV.

Show Comments

Extras

Top Quizzes Today


Score Distribution

Your Account Isn't Verified!

In order to create a playlist on Sporcle, you need to verify the email address you used during registration. Go to your Sporcle Settings to finish the process.

Report this User

Report this user for behavior that violates our Community Guidelines.

Details: